| 000 | 00560nam a2200229Ia 4500 | ||
|---|---|---|---|
| 008 | 210210b2014 xxu||||| |||| 00| 0 eng d | ||
| 020 | _a8189301330 | ||
| 041 | _aeng | ||
| 082 | _a150.02 MANT | ||
| 100 | _aMANI (AKhilesh) | ||
| 245 | _aTruemans specific series UGC NET/SET: Psychology | ||
| 260 |
_aNew Delhi _bDanika Publishing Company _c2014 |
||
| 300 | _aviii,720 | ||
| 650 | _aUGC | ||
| 650 | _aTruemans | ||
| 650 | _aspecific | ||
| 650 | _aseries | ||
| 650 | _aPsychology | ||
| 650 | _aNET/SET: | ||
| 690 | _aPsychology | ||
| 906 | _a068237 | ||
| 999 |
_c152511 _d152511 |
||